Responses for Show #2161 - Monday, January 17, 1994

Contestants

[<< previous game]

Lee Sebel, an electronic musician originally from Dallas, Texas

Jim Kitchel, a systems analyst from Washington, D.C.

Judy Weightman, a puzzle editor from Philadelphia, Pennsylvania (whose 2-day cash winnings total $29,100)

[next game >>]

Jeopardy! Round responses

THE BIBLE
SONG LYRICS
ANNUAL EVENTS
THE ELEMENTS
FASHION
6-LETTER WORDS
    $100 11
the sabbath

Jim
    $100 2
be cruel

Judy
    $100 1
nurses

Lee
    $100 16
oxygen

Jim
    $100 23
knickerbockers

Judy
    $100 18
Creole

Judy
    $200 12
Sodom

Judy
    $200 4
(Jim: What is "talking to the animals"?)

"talk to the animals"

JimLee
    $200 3
Hershey

Lee
    $200 17
neon

Judy
    $200 24
a Makintosh

Jim
    $200 19
an engine

Lee
    $300 13
Bathsheba

Jim
    $300 5
(Jim: What is "By the time I [*]"?)

get to Phoenix

Jim
    $300 6
(Lee: What is North Dakota?)
(Judy: What is South Dakota?)

Montana

JudyLee
Triple Stumper
    $300 28
(Jim: What is uranium?)

radium

JudyJim
    $300 25
a serape

Judy
    $300 20
edible

Judy
    $400 14
fishermen

Judy
    $400 9
cowboys

Jim
    $400 7
the Columbia

Lee
    $400 29
Stockholm

Judy
    $400 26
gloves

Judy
    $800 21
(Judy: Uh... what... is...)
(Alex: You're right so far.)
[Judy laughs.]
(Judy: A... I have no idea.)

a magpie

Judy
    $500 15
John the Baptist

Jim
    $500 10
(Jim: What's time?)
(Lee: What are the sands of time?)
...
(Alex: I love these little moments; I get a chance to sing half a lyric; I don't get paid and I sound bad and that's okay.)
[Laughter]

the man that got away

JimLee
Triple Stumper
    $500 8
Tombstone

Lee
    $500 30
xenon

Jim
    $500 27
a clutch

Judy
    $500 22
the cellar

Judy

Scores at the first commercial break (after clue 15):

Judy Jim Lee
$400 $900 $600

Scores at the end of the Jeopardy! Round:

Judy Jim Lee
$2,700 $1,400 $800

Double Jeopardy! Round responses

WORLD HISTORY
FAMOUS BELAS
NATIONAL MEMORIALS
THEATRE
WINES & SPIRITS
NOVEL CHARACTERS
    $200 8
the Boer War

Lee
    $200 1
Bela Lugosi

Judy
    $200 7
Lewis & Clark

Jim
    $200 17
Neil Simon

Lee
    $200 24
(Alex: [After Jim selects the next clue] With about a minute left in the round.)

champagne

Jim
    $200 2
Jane Eyre

Judy
    $400 12
France

Jim
    $400 9
the Communist

Judy
    $400 10
the Washington Monument

Lee
    $400 19
the Marx Brothers

Judy
    $400 25
Australia

Jim
    $400 3
Ivanhoe

Judy
    $600 13
NATO

Lee
    $600 14
Bela Bartok

Jim
    $600 11
Johnstown

Jim
    $600 20
A Chorus Line

Judy
    $600 26
Scotch

Lee
    $600 4
Moll Flanders

Judy
    $2,000 15
Knossos

Jim
    $800 18
Bela Karolyi

Judy
    $800 22
North Carolina

Jim
    $800 21
The Crucible

Jim
    $800 29
(Judy: What are pears?)

apples

JudyLee
    $2,000 5
A Tale of Two Cities

Judy
    $1000 16
Brazil

Judy
    $1000 27
New Bedford

Judy
    $1000 23
Roger Williams

Jim
    $1000 28
(Lee: What are longshoremen?)

taxi drivers

JudyLee
    $1000 30
akevitt

Lee
    $1000 6
The Virginian

Judy

Scores at the end of the Double Jeopardy! Round:

Judy Jim Lee
$11,500 $8,400 $3,600

[wagering suggestions for these scores]

Final Jeopardy! Round responses

SPAIN
LeeWhat is Valencia?
$3,000
JimWhat is Vandalia
$1,199
JudyWhat is Andalusia?
$5,400
Andalusia

Final scores:

Judy Jim Lee
$16,900 $7,201 $600
3-day champion: $46,000 2nd place: Broyhill Fontana living room set & Carpet One wall-to-wall carpeting 3rd place: Dunlop tennis racket & Wheel of Fortune + Jeopardy! for Super Nintendo + Sega Genesis

Game dynamics:

Coryat scores:

Judy Jim Lee
$11,100 $7,200 $3,600
26 R
(including 1 DD),
3 W
(including 1 DD)
18 R
(including 1 DD),
3 W
13 R,
3 W

Combined Coryat: $21,900

[game clues] [game scores] [suggest correction]

Game tape date: 1993-09-28
The J! Archive is created by fans, for fans. Scraping, republication, monetization, and malicious use prohibited; this site may use cookies and collect identifying information. See terms. The Jeopardy! game show and all elements thereof, including but not limited to copyright and trademark thereto, are the property of Jeopardy Productions, Inc. and are protected under law. This website is not affiliated with, sponsored by, or operated by Jeopardy Productions, Inc. Join the discussion at JBoard.tv.